Report on cavernicole and epigean spiders from the Yucatan Peninsula (Registro nro. 10041)

Detalles MARC
000 -CABECERA
Campo de control 005380000a22001690004500
090 ## - CLASIFICACIÓN LOCAL
Colección AR
Consecutivo 00953
041 0# - IDIOMA
Código de idioma para texto/pista de sonido o título separado
100 1# - ASIENTO PRINCIPAL--NOMBRE PERSONAL
Nombre personal Gertsch, Willis J.
245 10 - MENCION DE TITULO
Título Report on cavernicole and epigean spiders from the Yucatan Peninsula
650 14 - ASIENTO SECUNDARIO DE MATERIA - TERMINO TEMATICO
Término temático o nombre geográfico como elemento de entrada Arañas
650 14 - ASIENTO SECUNDARIO DE MATERIA - TERMINO TEMATICO
Término temático o nombre geográfico como elemento de entrada Entomología
650 14 - ASIENTO SECUNDARIO DE MATERIA - TERMINO TEMATICO
Término temático o nombre geográfico como elemento de entrada Sistemática animal
650 14 - ASIENTO SECUNDARIO DE MATERIA - TERMINO TEMATICO
Término temático o nombre geográfico como elemento de entrada Cavernas
651 #4 - ASIENTO SECUNDARIO DE MATERIA - NOMBRE GEOGRAFICO
-- Península de Yucatán
-- México
773 1# - Item fuente:
Título Association for Mexican Cave Studies Bulletin
Especificación de materiales 340
Descripción física 6
Paginas del Articulo 103-131
Lugar, editorial y fecha de publicación 1977
942 ## - ELEMENTOS ADICIONALES (KOHA)
Tipo de ítem Artículo
Existencias
Withdrawn status Lost status Damaged status No para préstamo Colección Ubicación Permanente Ubicación actual Fecha de adquisición Fuente de Valor Datos de publicación Seriada Total Checkouts Número topográfico Inventario / Código de Barras Date last seen Ejemplar Price effective from Forma de adquisición Tipo de material
      No para Préstamo Hemeroteca Bogotá Bogotá 27/02/2015 Muñoz Saba, Yaneth Fuera de circulación   AR 00953 011252 25/03/2015 1 25/03/2015   Artículo